Statistics for Freestyle Snowboarding Olympic Podiums

Click here to take the quiz!

General Stats

  • This quiz has been taken 24 times
  • The average score is 11 of 54

Answer Stats

HintAnswer% Correct
Gold Men'sShaun White
87%
Gold Men'sShaun White
87%
Gold Men'sShaun White
87%
Bronze Men'sMark McMorris
70%
Bronze Men'sMark McMorris
70%
Gold Men'sRed Gerard
52%
Gold Men'sSebastien Toutant
48%
Gold Women'sChloe Kim
43%
Gold Women'sJamie Anderson
43%
Gold Women'sJamie Anderson
43%
Silver Women'sJamie Anderson
43%
Bronze Men'sScotty James
39%
Gold Women'sAnna Gasser
30%
Gold Men'sSage Kotsenburg
30%
Silver Men'sAyumu Hirano
26%
Bronze Men'sScotty Lago
26%
Silver Men'sStale Sandbech
26%
Silver Men'sAyumu Hirano
17%
Silver Men'sKyle Mack
17%
Silver Women'sLaurie Blouin
17%
Silver Men'sMaxence Parrot
17%
Silver Men'sPeetu Piiroinen
17%
Silver Men'sDanny Kass
13%
Silver Men'sDanny Kass
13%
Gold Men'sGian Simmen
13%
Gold Men'sIouri Podladtchikov
13%
Bronze Men'sRoss Powers
13%
Gold Men'sRoss Powers
13%
Bronze Women'sArielle Gold
9%
Bronze Men'sBilly Morgan
9%
Gold Women'sHannah Teter
9%
Silver Women'sHannah Teter
9%
Bronze Women'sKelly Clark
9%
Gold Women'sKelly Clark
9%
Bronze Women'sKelly Clark
9%
Gold Women'sTorah Bright
9%
Silver Women'sTorah Bright
9%
Silver Women'sEnni Rukajärvi
4%
Bronze Women'sEnni Rukajärvi
4%
Gold Women'sKaitlyn Farrington
4%
Silver Women'sLiu Jiayu
4%
Bronze Men'sTaku Hiraoka
4%
Silver Men'sDaniel Franck
0%
Silver Women'sDoriane Vidal
0%
Bronze Women'sFabienne Reuteler
0%
Silver Women'sGretchen Bleiler
0%
Bronze Men'sJarret Thomas
0%
Bronze Women'sJenny Jones
0%
Bronze Women'sKjersti Buaas
0%
Bronze Men'sMarkku Koski
0%
Gold Women'sNicola Thost
0%
Bronze Women'sShannon Dunn-Downing
0%
Silver Women'sStine Brun Kjeldaas
0%
Bronze Women'sZoi Sadowski-Synnott
0%

Score Distribution

Percentile by Number Answered

Percent of People with Each Score

Your Score History

You have not taken this quiz